000 01543cam a2200253Ma 4500
001 10883000
003 OSt
005 20240530110620.0
008 140307s2014 fr a b 000 0 fre d
020 _a9782724706444
040 _cEG-CAGPL
082 0 4 _a932
_221
_bCC/P A
100 1 _aPayraudeau, Frédéric.
245 1 0 _aAdministration, société et pouvoir à Thèbes sous la XXIIIe dynastie bubastite /
_cFrédéric Payraudeau.
260 _aLe Caire :
_bInstitut franc̦ais d'archéologie orientale,
_c2014.
300 _a2 v. :
_bill. ;
_c28 cm.
490 1 _aBibliothèque d'étude
_v160
504 _aIncludes bibliographical references.
520 8 _a"This work proposes a socio-political history of Egypt during the Libyan Period (XXIInd Dynasty, c. 943-730 BC) through an intensive case study of the city of Thebes. The study presents a chronological analysis of this often disturbed period and includes prosopographical research on local families and an administrative history using titles of state officials. The study of the complex relationships maintained by the royal powers within Theban society, and the analysis of the structures of this society in the light of the anthropology, highlight the originality of this period and the continuity of the royal and state traditions in the Egyptian History of the First Millennium BC."
651 0 _aEgypt
_xHistory
_yThird Intermediate Period, ca. 1071-ca. 650 B.C.
651 0 _aThebes (Egypt : Extinct city)
830 0 _aBibliothèque d'étude.
_t.160.
942 _2ddc
_cBK
999 _c63045
_d63045